| 000 | 01384nam a2200277 a 4500 | ||
|---|---|---|---|
| 001 | YSU0078717 | ||
| 003 | AM-YEHGA | ||
| 005 | 20250617122105.0 | ||
| 008 | 990506s1984 ru ||||| |||| 00| 0 rus d | ||
| 020 | _c | ||
| 040 | _aAM-YeHGA | ||
| 041 | 0 | _arus | |
| 245 | 1 | 0 |
_aИзучение тектонических структур / _c[В. Д. Вознесенский, А.Н. Балашов и др.] ; Гл. ред. серии А.С. Купман, Н. В. Горлов; Всесоюзный научно-исследовательский геологический ин-т им. А. П. Карпинского |
| 260 | 0 |
_aЛенинград : _bНедра. Ленингр. отд-ние, _c1984. |
|
| 300 |
_a288 с. _bил.; _c22 см. |
||
| 440 | 0 |
_aМетодическое пособие по геологической съемке масштаба 1:50000 _vВып. 16 |
|
| 650 | 1 | 4 | _aГеология |
| 650 | 1 | 4 | _aТектонические структуры |
| 700 | 1 | 0 | _aВознесенский, В. Д. |
| 700 | 1 | _aБалашов, А. Н. | |
| 700 | 1 |
_aКупман, А. С. _eред. _4edt |
|
| 700 | 1 |
_aГорлов, Н. В. _eред. _4edt |
|
| 710 | 2 | _aВсесоюзный научно-исследовательский геологический институт им. А.П. Карпинского (ВСЕГЕИ) | |
| 942 |
_2udc _cBK |
||
| 090 | _c30397 | ||
| 999 |
_c29976 _d29976 |
||